The secret agent / (Record no. 6874)
[ view plain ]
| 000 -LEADER | |
|---|---|
| fixed length control field | 01231nam a2200385 a 4500 |
| 001 - CONTROL NUMBER | |
| JCCL Control Number | 6874 |
| 003 - CONTROL NUMBER IDENTIFIER | |
| JCCL marc code | BD-JhCC |
| 005 - DATE AND TIME OF LATEST TRANSACTION | |
| control field | 20180131124525.0 |
| 008 - FIXED-LENGTH DATA ELEMENTS--GENERAL INFORMATION | |
| fixed length control field | 180131s2009 oncach b 000 fdeng d |
| 020 ## - INTERNATIONAL STANDARD BOOK NUMBER | |
| International Standard Book Number | 9781551117843 |
| 020 ## - INTERNATIONAL STANDARD BOOK NUMBER | |
| International Standard Book Number | 1551117843 |
| 029 0# - (OCLC) | |
| OCLC library identifier | NLC |
| System control number | 20099038161 |
| 035 ## - SYSTEM CONTROL NUMBER | |
| system control number | (BD-JhCC)6874 |
| 035 ## - SYSTEM CONTROL NUMBER | |
| system control number | (OCoLC)426221984 |
| 040 ## - CATALOGING SOURCE | |
| Original cataloging agency | BD-JhCC |
| Transcribing agency | NLC |
| Modifying agency | BD-JhCC |
| -- | C#P |
| 041 ## - LANGUAGE CODE | |
| Language code of Book | eng |
| 050 #4 - LIBRARY OF CONGRESS CALL NUMBER | |
| Classification number | PR6005.O4 |
| Item number | S4 2009 |
| 055 #0 - CLASSIFICATION NUMBERS ASSIGNED IN CANADA | |
| Classification number | PR6005 O4 |
| Item number | S4 2009 |
| 055 00 - CLASSIFICATION NUMBERS ASSIGNED IN CANADA | |
| Classification number | PR6005 O4 |
| Item number | S39 2009 |
| 082 0# - DEWEY DECIMAL CLASSIFICATION NUMBER | |
| Classification number | 823/.912 |
| DDC Edition number | 22 |
| Author mark and Year | CON 1907 |
| 090 #4 - LOCALLY ASSIGNED LC-TYPE CALL NUMBER (OCLC); LOCAL CALL NUMBER (OCLC) | |
| Classification number (OCLC) (R) ; Classification number, CALL (RLIN) (NR) | PR6005.O4 |
| Local cutter number (OCLC) ; Book number/undivided call number, CALL (RLIN) | S4 2009 |
| 099 ## - LOCAL FREE-TEXT CALL NUMBER | |
| Classification number | PR6005.O4 S4 2009 |
| 100 1# - MAIN ENTRY--PERSONAL NAME | |
| Personal name | Conrad, Joseph, |
| Dates associated with a name | 1857-1924. |
| 245 14 - TITLE STATEMENT | |
| Title | The secret agent / |
| Statement of responsibility, etc | Joseph Conrad ; edited by Tanya Agathocleous. |
| 260 ## - PUBLICATION, DISTRIBUTION, ETC. (IMPRINT) | |
| Place of publication, distribution, etc | Peterborough, Ont. : |
| Name of publisher, distributor, etc | Broadview Press, |
| Date of publication, distribution, etc | c2009. |
| 300 ## - PHYSICAL DESCRIPTION | |
| Pagination | 248 p. : |
| Other physical details | ill., facsim., port. ; |
| Dimensions | 20cm. |
| 490 1# - SERIES STATEMENT | |
| Series statement | Broadview editions |
| 504 ## - BIBLIOGRAPHY, ETC. NOTE | |
| Bibliography, etc | Includes bibliographical references: p. 317-320. |
| 650 ## - SUBJECT ADDED ENTRY--TOPICAL TERM | |
| Topical term or geographic name as entry element | Mation Picture |
| Geographic subdivision | English |
| 700 1# - ADDED ENTRY--PERSONAL NAME | |
| Personal name | Agathocleous, Tanya, |
| Dates associated with a name | 1970- |
| 830 #0 - SERIES ADDED ENTRY--UNIFORM TITLE | |
| Uniform title | Broadview editions. |
| 942 ## - ADDED ENTRY ELEMENTS (KOHA) | |
| Source of classification or shelving scheme | Dewey Decimal Classification |
| Koha item type | Books |
| 949 #0 - LOCAL PROCESSING INFORMATION (OCLC) | |
| 4 | IP |
| a | h |
| b | HUM |
| c | STACK |
| o | 0 |
| p | 39080034951407 |
| x | 01 |
| h | PR6005.O4 S4 2009 |
| Source of classification or shelving scheme | Damaged status | Not for loan | Home library | Current library | Shelving location | Total Checkouts | Full call number | Barcode | Date last seen | Copy number | Koha item type |
|---|---|---|---|---|---|---|---|---|---|---|---|
| Dewey Decimal Classification | JCC Rouf Library | JCC Rouf Library | General Stacks | 823/.912 CON 1907 | 9375 | 01/31/2018 | C-1 | Books |